| 000 | 00754nam a22002537a 4500 | ||
|---|---|---|---|
| 003 | DO-SdBNP | ||
| 005 | 20230524143750.0 | ||
| 007 | ta | ||
| 008 | 230524b1957 sp ||||| |||| 00| 0 spa d | ||
| 040 |
_aDO-SdBNP _bspa _cBNPHU _erda |
||
| 082 | 4 | _222 | |
| 100 |
_aCorneille _eautor _983455 |
||
| 245 | 1 | 0 |
_aTeatro Trágico / _ctraducción, prólogo y notas Ignacio Gallego |
| 264 |
_aBarcelona : _bIberia, _c1957. |
||
| 300 |
_a211 páginas ; _c19 cm. |
||
| 336 |
_2rdacontent _atexto _btxt |
||
| 337 |
_2rdamedia _asin mediación _bn |
||
| 338 |
_2rdacarrier _avolumen _bnc |
||
| 490 | _aObras Maestras | ||
| 590 | _aInventariado, 2023/BT | ||
| 700 | 1 |
_aGallego, Ignacio, _etraducción, prólogo y notas _983456 |
|
| 910 | _aBtavárez | ||
| 942 |
_2ddc _cLBS1 |
||
| 999 |
_c53611 _d53611 |
||